<?xml version="1.0" encoding="UTF-8"?><?xml-stylesheet type="text/xsl" href="static/style.xsl"?><OAI-PMH xmlns="http://www.openarchives.org/OAI/2.0/" xmlns:xsi="http://www.w3.org/2001/XMLSchema-instance" xsi:schemaLocation="http://www.openarchives.org/OAI/2.0/ http://www.openarchives.org/OAI/2.0/OAI-PMH.xsd"><responseDate>2026-06-07T13:53:09Z</responseDate><request verb="GetRecord" identifier="oai:docta.ucm.es:20.500.14352/46023" metadataPrefix="marc">https://docta.ucm.es/rest/oai/request</request><GetRecord><record><header><identifier>oai:docta.ucm.es:20.500.14352/46023</identifier><datestamp>2023-07-05T00:37:22Z</datestamp><setSpec>com_20.500.14352_1</setSpec><setSpec>col_20.500.14352_7</setSpec></header><metadata><record xmlns="http://www.loc.gov/MARC21/slim" xmlns:dcterms="http://purl.org/dc/terms/" xmlns:xsi="http://www.w3.org/2001/XMLSchema-instance" xmlns:doc="http://www.lyncode.com/xoai" xsi:schemaLocation="http://www.loc.gov/MARC21/slim http://www.loc.gov/standards/marcxml/schema/MARC21slim.xsd">
   <leader>00925njm 22002777a 4500</leader>
   <datafield ind2=" " ind1=" " tag="042">
      <subfield code="a">dc</subfield>
   </datafield>
   <datafield ind2=" " ind1=" " tag="720">
      <subfield code="a">Lamo Merlini, Olga de</subfield>
      <subfield code="e">author</subfield>
   </datafield>
   <datafield ind2=" " ind1=" " tag="260">
      <subfield code="c">2010-05</subfield>
   </datafield>
   <datafield ind2=" " ind1=" " tag="520">
      <subfield code="a">La escueta regulación que del contrato de franquicia ofrece la vigente Ley de Ordenación del Comercio Minorista exige que su análisis se desarrolle desde la perspectiva de la atipicidad, es decir, desde el conjunto de usos que los comerciantes han desarrollado en la práctica  mercantil. El estudio propone una lectura de tales negocios realizada desde la óptica más general del Derecho de las obligaciones y de los contratos, buscando reducir el margen de discrecionalidad que parece resultar inexcusable.</subfield>
   </datafield>
   <datafield ind1="8" ind2=" " tag="024">
      <subfield code="a">https://hdl.handle.net/20.500.14352/46023</subfield>
   </datafield>
   <datafield ind2="0" ind1="0" tag="245">
      <subfield code="a">Aproximación a una perspectiva civil del contrato de franquicia</subfield>
   </datafield>
</record></metadata></record></GetRecord></OAI-PMH>